000 00194nam a2200097Ia 4500
008 240331s9999 xx 000 0 und d
082 _bALI
100 _aAli, M
245 0 _aBrick lane
942 _cL
999 _c5376
_d5376